Sims 4 emotions - Statistics

General Stats
  • This quiz has been taken 1,458 times
  • The average score is 10 of 16
Answer Stats
Hints Answer % Correct
Red Angry
98%
Dark blue Sad
95%
Green Happy
92%
Pink Flirty
84%
Grey Bored
81%
White Fine
67%
Light Blue Inspired
67%
Yellow Embarrassed
61%
Dark Purple Focused
60%
Almost black, zzz?! Asleep
59%
Green/Yellow Energized
49%
Light red Uncomfortable
49%
Blue Confident
44%
Purple Playful
44%
Amber Tense
44%
Purple Dazed
41%
No matching quizzes found
Score Distribution
Percent of People with Each Score
Percentile by Number Answered
Your Score History
You have not taken this quiz